Bridging science and heritage in the Balkans : studies in archaeometry and cultural heritage restoration and conservation /

In a period when the study of archaeological remains is enriched through new methods derived from the natural sciences and when there is general agreement on the need for more investment in the study, restoration and conservation of the tangible cultural heritage, this work presents contributions to...

وصف كامل

محفوظ في:

مؤلف مشترك: Balkan Symposium on Archaeometry Sinaia, Romania)

مؤلفون آخرون: Palincaş, Nona (المحرر), Ponta, C. C. (المحرر)

التنسيق: وقائع المؤتمر كتاب الكتروني

اللغة: English

منشور في: Summertown, Oxford : Archaeopress Publishing Ltd, 2019.

الموضوعات:

الوصول للمادة أونلاين: Login to view Source

الوسوم: إضافة وسم

لا توجد وسوم, كن أول من يضع وسما على هذه التسجيلة!

رقم الطلب: DR49.24

LEADER 02330nam a2200445 i 4500
001 EDZ0002059923
003 StDuBDS
005 20230412182518.0
006 m|||||o||d||||||||
007 cr |||||||||||
008 190321s2019 enkab fob 100|0|eng|d
020 |a 9781789691979 (ebook) :  |c No price 
040 |a StDuBDS  |b eng  |c StDuBDS  |e rda  |e pn 
050 4 |a DR49.24 
082 0 4 |a 939.86  |2 23 
111 2 |a Balkan Symposium on Archaeometry  |n (5th :  |d 2016 :  |c Sinaia, Romania),  |j creator. 
245 1 0 |a Bridging science and heritage in the Balkans :  |b studies in archaeometry and cultural heritage restoration and conservation /  |c edited by Nona Palincaş and Corneliu C. Ponta. 
264 1 |a Summertown, Oxford :  |b Archaeopress Publishing Ltd,  |c 2019. 
300 |a 1 online resource (vi, 156 pages) :  |b illustrations (black and white, and colour), maps (black and white, and colour) 
336 |a text  |2 rdacontent 
336 |a still image  |2 rdacontent 
336 |a cartographic image  |2 rdacontent 
337 |a computer  |2 rdamedia 
338 |a online resource  |2 rdacarrier 
500 |a Also issued in print: 2019. 
500 |a Conference proceedings from the 5th Balkan Symposium of Archaeometry held in 2016, Sinaia, Romania. 
504 |a Includes bibliographical references. 
520 8 |a In a period when the study of archaeological remains is enriched through new methods derived from the natural sciences and when there is general agreement on the need for more investment in the study, restoration and conservation of the tangible cultural heritage, this work presents contributions to these fields from South-Eastern Europe. 
521 |a Specialized. 
588 |a Description based on online resource; title from home page (viewed on May 29, 2019). 
651 0 |a Balkan Peninsula  |x Antiquities  |v Congresses. 
650 0 |a Archaeometry  |v Congresses. 
650 0 |a Cultural property  |z Balkan Peninsula  |v Congresses. 
700 1 |a Palincaş, Nona,  |e editor. 
700 1 |a Ponta, C. C.  |q (Corneliu C.),  |e editor. 
776 0 8 |i Print version :  |z 9781789691962 
856 4 0 |3 Archaeopress  |u http://library.arce.org:8087/Archaeopress/Products/9781789691962 
942 |2 lcc  |c EBOOK 
952 |0 0  |1 0  |4 0  |6 DR004924  |7 1  |9 46549  |a ARCH  |b ARCH  |d 2023-04-12  |l 0  |o DR49.24  |r 2023-04-12 00:00:00  |w 2023-04-12  |y EBOOK 
999 |c 52207  |d 52207